El médico y la sociedad (estudio crítico) / (Record no. 167122)

MARC details
000 -LEADER
campo de control de longitud fija 00843nam a2200217 i 4500
001 - NÚMERO DE CONTROL
campo de control 167122
003 - IDENTIFICADOR DE NÚMERO DE CONTROL
campo de control ES-MaACL
005 - FECHA Y HORA DE LA ÚLTIMA TRANSACCIÓN
campo de control 20250823063123.0
008 - DATOS DE LONGITUD FIJA--INFORMACIÓN GENERAL
campo de control de longitud fija 030402s1885 sp |||| | spa d
080 ## - NÚMERO DE LA CLASIFICACIÓN DECIMAL UNIVERSAL
Número de la Clasificación Decimal Universal 614.253
100 1# - ENTRADA PRINCIPAL--NOMBRE DE PERSONA
Nombre de persona Vega-Rey, Luis,
Fechas asociadas al nombre 1853-1899
9 (RLIN) 133584
245 13 - MENCIÓN DEL TÍTULO
Título El médico y la sociedad (estudio crítico) /
Mención de responsabilidad, etc. L. Vega-Rey.
260 ## - PUBLICACIÓN, DISTRIBUCIÓN, ETC.
Lugar de publicación, distribución, etc. Madrid :
Nombre del editor, distribuidor, etc. [s.n.],
Fecha de publicación, distribución, etc. 1885 (
Fabricante Imp. de Enrique Teodoro)
300 ## - DESCRIPCIÓN FÍSICA
Extensión 16 p. ;
Dimensiones 22 cm.
530 ## - NOTA DISPONIBLE DE FORMULARIO FÍSICO ADICIONAL
Nota de formato físico adicional disponible Disponible en formato digital.
650 #4 - PUNTO DE ACCESO ADICIONAL DE MATERIA--TÉRMINO DE MATERIA
Término de materia o nombre geográfico como elemento de entrada Médicos-
Subdivisión general Moral profesional.
9 (RLIN) 14942
752 ## - ENTRADA AGREGADA--NOMBRE JERÁRQUICO DEL LUGAR
País o entidad superior España -
Ciudad Madrid
852 ## - LOCALIZACIÓN
Ubicación ES-MaACL
Número de control de estantería T-362-F-14
Nota libre - Enc. hol.
-- . - Dedic. ms. del autor a la Biblioteca del Ateneo
-- - Enc. en un vol. facticio
856 ## - LOCALIZACIÓN Y ACCESO ELECTRÓNICOS
Identificador Uniforme de Recursos <a href="http://bdh-rd.bne.es/viewer.vm?id=0000055863&page=1 ">http://bdh-rd.bne.es/viewer.vm?id=0000055863&page=1 </a>
Nota pública Biblioteca Digital Hispánica
Holdings
Estatus retirado Estado de pérdida Estado de daño No para préstamo Colección Biblioteca de origen Biblioteca actual Ubicación en estantería Fecha de adquisición Total de préstamos Signatura topográfica completa Código de barras Visto por última vez Precio de reemplazo Tipo de ítem Koha
        Colección de folletos Biblioteca del Ateneo de Madrid Biblioteca del Ateneo de Madrid Depósito folletos 17/01/2008   T-362-F-14 1175309 23/02/2023 23/02/2023 Folleto